| 000 | 00000nam##2200000za#4500 |
| 001 | 9.662541 |
| 003 | CaOODSP |
| 005 | 20200330121519 |
| 007 | ta |
| 008 | 150407|2001||||xxc||||| f|0| 0 eng|d |
| 020 | |a0-662-65500-1 |
| 040 | |aCaOODSP|beng |
| 041 | |aeng |
| 041 | |afre |
| 043 | |an-cn--- |
| 086 | 1 |aA22-218/2001 |
| 110 | 1 |aCanada.|bAgriculture and Agri-Food Canada. |bPolicy Branch. |
| 245 | 14|aThe National Rural Conference: rural action plan |
| 260 | |aOttawa - Ontario : |bAgriculture and Agri-Food Canada. |c2001. |
| 300 | |aEnglish text, 18p. ; |c22 cm. |
| 546 | |aBilingual |
| 563 | |aSoftcover |
| 590 | |a01-19|b2001-05-11 |
| 690 | 07|aRural development|2gcpds |
| 690 | 07|aIsolated communities|2gcpds |
| 690 | 07|aRural communities|2gcpds |
| 776 | 0#|tConférence rurale nationale : |w(CaOODSP)9.637699 |
| 776 | 0#|tThe National Rural Conference : |w(CaOODSP)9.693521 |
| 792 | |tConférence rurale nationale: plan d'action rural |efre|w(CaOODSP)9.662542 |